| 000 | 00712nam a2200217 a 4500 | ||
|---|---|---|---|
| 001 | 000011331 | ||
| 005 | 20240412074225.0 | ||
| 008 | 091016s1994 dr 000 p spa d | ||
| 040 |
_aDO-SdBNP _bspa _cBNPHU |
||
| 082 |
_aRD861.44 _bS718s |
||
| 100 | 1 |
_aSoto, Alexis _926934 |
|
| 245 | 1 | 0 |
_aSublimación esotérica / _cAlexis Soto. |
| 260 |
_aSanto Domingo : _bUniversitaria-UASD, _c1994. |
||
| 300 |
_a52 p. : ; _c21 cm. |
||
| 490 | 1 |
_aUniversidad Autónoma de Santo Domingo _v741 |
|
| 590 | _aInventariado, 2019 / DG | ||
| 650 | 0 |
_aPoesía dominicana _966 |
|
| 650 | 0 |
_aLiteratura dominicana. _967 |
|
| 830 | 0 |
_aUniversidad Autónoma de Santo Domingo _n741 _926935 |
|
| 910 | _aValidado. Control de calidad MFF | ||
| 999 |
_c11038 _d11038 |
||